| 000 | 00787cam a2200229 4500 | ||
|---|---|---|---|
| 002 | ##2184 | ||
| 008 | 000000n2000 000 0 eng u | ||
| 020 | _a1842190199 | ||
| 035 | _a(Sirsi) u105639 | ||
| 041 | 0 | _aeng | |
| 050 | 0 | 4 | _a346.41078 $2 18 |
| 110 | 2 |
_aRoyal Institution of Chartered Surveyors _94900 |
|
| 245 | 0 | 4 |
_aThe chartered surveyor and plant and machinery insolvency advice _ban information paper |
| 260 |
_aLondon _bRICS _c2000 |
||
| 300 |
_a13p. _c30cm. |
||
| 490 | 0 | _aRICS Information Paper | |
| 520 | _aLooks at companies in insolvency but does not deal with the Law of Property Act 1925 or other fixed charge receiverships. | ||
| 520 | _aWithdrawn 1 August 2006. | ||
| 651 | 4 |
_aEngland and Wales _y1543- |
|
| 690 | _aPROPERTY-BUSINESS ASSETS | ||
| 942 | _n0 | ||
| 999 |
_c100461 _d100461 |
||